[Event "9th PKWN Festival it"]
[Site "Lublin POL"]
[Date "1973.07.29"]
[Round "10"]
[White "Bernard, Ryszard"]
[WhiteElo "2310"]
[Black "Plachetka, Jan"]
[BlackElo "2445"]
[Result "1-0"]
[EventDate "1973.07.18"]
[PlyCount "45"]

1.e4 e5 2.Nf3 Nc6 3.Bc4 Nf6 4.d4 exd4 5.e5 d5 6.Bb5 Ne4 7.Nxd4 Bc5 8.Be3
Bd7 9.Bxc6 bxc6 10.O-O Qe7 11.f3 Nd6 12.Bf2 Nf5 13.Nc3 O-O 14.Na4 Bb6 15.
Nxb6 axb6 16.Re1 Rfe8 17.e6 fxe6 18.Nxf5 Qf6 19.Ng3 Qxb2 20.Bd4 Qb4 21.c3
Qc4 22.Qd2 e5 23.Bxe5 1-0

[Event "9th PKWN Festival it"]
[Site "Lublin POL"]
[Date "1973.07.29"]
[Round "10"]
[White "Saidy, Anthony Fred"]
[WhiteElo "2430"]
[Black "Pytel, Krzysztof"]
[BlackElo "2390"]
[Result "1-0"]
[EventDate "1973.07.18"]
[PlyCount "53"]

1.e4 e5 2.Nc3 Nf6 3.g3 d5 4.exd5 Nxd5 5.Bg2 Nxc3 6.bxc3 Nc6 7.Ne2 Bc5 8.
O-O O-O 9.Rb1 Bd7 10.d4 Bb6 11.Ba3 Re8 12.d5 Na5 13.Qd3 c6 14.c4 cxd5 15.
c5 e4 16.Qxd5 Bc7 17.Bxe4 Be6 18.Qh5 g6 19.Qf3 Qc8 20.Nf4 Bg4 21.Qd3 Bxf4
22.gxf4 Bh3 23.Rfe1 Qe6 24.Qc3 Qg4+ 25.Qg3 Qh5 26.Bb2 Rad8 27.Qc3 1-0

[Event "9th PKWN Festival it"]
[Site "Lublin POL"]
[Date "1973.07.31"]
[Round "11"]
[White "Nicevski, Risto"]
[WhiteElo "2440"]
[Black "Bernard, Ryszard"]
[BlackElo "2310"]
[Result "1/2-1/2"]
[EventDate "1973.07.18"]
[PlyCount "97"]

1.e4 c5 2.Nf3 d6 3.d4 cxd4 4.Nxd4 Nf6 5.Nc3 a6 6.Bc4 e6 7.Bb3 b5 8.O-O Be7
9.f4 O-O 10.e5 dxe5 11.fxe5 Nfd7 12.Qh5 Nc6 13.Nxc6 Qb6+ 14.Be3 Qxc6 15.
Rf3 Bb7 16.Kh1 g6 17.Qh6 f5 18.exf6 Bxf6 19.Qh3 Rae8 20.Bh6 Bg7 21.Rxf8+
Nxf8 22.Bxg7 Kxg7 23.Re1 Rd8 24.Qg3 Qd6 25.Qh4 Rd7 26.Ne4 Bxe4 27.Qxe4 Qd4
28.Qxd4+ Rxd4 29.Kg1 Kf6 30.Kf2 Rd6 31.h4 Nd7 32.g4 h6 33.Ke3 Ne5 34.Rf1+
Ke7 35.Kf4 Nf7 36.Ke4 g5 37.h5 Rd2 38.a4 Rd6 39.axb5 axb5 40.Ra1 Rd7 41.
Ra6 Nd6+ 42.Kd4 Rc7 43.c3 Nc4 44.Bxc4 Rxc4+ 45.Ke5 Rc5+ 46.Ke4 Rc4+ 47.Ke5
Rc5+ 48.Kd4 Rc4+ 49.Ke5 1/2-1/2

[Event "9th PKWN Festival it"]
[Site "Lublin POL"]
[Date "1973.07.31"]
[Round "11"]
[White "Plachetka, Jan"]
[WhiteElo "2445"]
[Black "Saidy, Anthony Fred"]
[BlackElo "2430"]
[Result "0-1"]
[EventDate "1973.07.18"]
[PlyCount "68"]

1.e4 c5 2.Nf3 d6 3.d4 cxd4 4.Nxd4 Nf6 5.Nc3 a6 6.Bc4 e6 7.Bb3 b5 8.O-O Be7
9.f4 O-O 10.e5 dxe5 11.fxe5 Nfd7 12.Qh5 Nc6 13.Nxc6 Qb6+ 14.Kh1 Qxc6 15.
Bf4 Bb7 16.Rf3 b4 17.Ba4 Qc7 18.Rh3 h6 19.Rg3 Bg5 20.Bxg5 Qxe5 21.Bxd7
bxc3 22.bxc3 Rfd8 23.Ba4 hxg5 24.Rf1 g6 25.Rxg5 Qe4 26.Qh6 Rd2 27.Rg1 Rad8
28.h3 Rxg2 29.R5xg2 Qxa4 30.Kh2 Bxg2 31.Rxg2 Qe4 32.h4 Qe5+ 33.Rg3 Rd1 34.
h5 Qe4 0-1

[Event "9th PKWN Festival it"]
[Site "Lublin POL"]
[Date "1973.07.31"]
[Round "11"]
[White "Pytel, Krzysztof"]
[WhiteElo "2390"]
[Black "Bednarski, Jacek"]
[BlackElo "2400"]
[Result "1/2-1/2"]
[EventDate "1973.07.18"]
[PlyCount "82"]

1.d4 Nf6 2.c4 e6 3.Nc3 d5 4.Bg5 Be7 5.e3 O-O 6.Nf3 b6 7.Bd3 Bb7 8.O-O Nbd7
9.Qe2 h6 10.Bf4 Bd6 11.Ne5 dxc4 12.Bxc4 Nd5 13.Rfd1 Qe7 14.Bxd5 exd5 15.
Nd3 c6 16.Bxd6 Qxd6 17.Nf4 Rfe8 18.a3 Nf6 19.b4 a5 20.b5 cxb5 21.Qxb5 Ba6
22.Qb2 Rab8 23.Nb5 Bxb5 24.Qxb5 Rec8 25.a4 Rc2 26.Rac1 Rbc8 27.Qb1 Rxc1
28.Rxc1 Rxc1+ 29.Qxc1 Qb4 30.Qc8+ Kh7 31.Qc2+ g6 32.g3 Kg7 33.Kg2 b5 34.
axb5 Qxb5 35.Qc7 Qa6 36.Qe5 Qc6 37.g4 a4 38.h4 Kg8 39.g5 hxg5 40.hxg5 Ne4
41.Nxd5 Nc3 1/2-1/2

[Event "9th PKWN Festival it"]
[Site "Lublin POL"]
[Date "1973.07.31"]
[Round "11"]
[White "Sydor, Andrzej"]
[WhiteElo "2375"]
[Black "Hennings, Artur"]
[BlackElo "2435"]
[Result "1/2-1/2"]
[EventDate "1973.07.18"]
[PlyCount "24"]

1.e4 e6 2.d4 d5 3.exd5 exd5 4.Bd3 Bd6 5.c3 c6 6.Ne2 Ne7 7.Bf4 Bf5 8.O-O
O-O 9.Bxd6 Qxd6 10.Ng3 Bg6 11.Bxg6 hxg6 12.Nd2 Nf5 1/2-1/2

[Event "9th PKWN Festival it"]
[Site "Lublin POL"]
[Date "1973.07.31"]
[Round "11"]
[White "Sznapik, Aleksander"]
[WhiteElo "2345"]
[Black "Peev, Peicho"]
[BlackElo "2400"]
[Result "0-1"]
[EventDate "1973.07.18"]
[PlyCount "84"]

1.e4 d6 2.d4 Nf6 3.Nc3 g6 4.f4 Bg7 5.Nf3 c5 6.dxc5 Qa5 7.Bd3 Qxc5 8.Qe2
Nbd7 9.Be3 Qc7 10.O-O O-O 11.Rad1 a6 12.Kh1 e5 13.a4 b6 14.Qe1 Bb7 15.Qh4
Rae8 16.fxe5 dxe5 17.h3 Nh5 18.Nh2 Nf4 19.Ne2 Nxd3 20.Rxd3 Nc5 21.Bxc5
Qxc5 22.Ng3 f5 23.exf5 Bxg2+ 24.Kxg2 Qxc2+ 25.Kh1 Qxd3 26.Rg1 Rxf5 27.Nxf5
Qxf5 28.Qc4+ Qe6 29.Qxa6 Qc6+ 30.Rg2 Ra8 31.Qd3 Rxa4 32.Qd8+ Kf7 33.Kg1
Qc5+ 34.Rf2+ Rf4 35.Ng4 h5 36.b4 Qc1+ 37.Kh2 hxg4 38.Qd5+ Ke7 39.Qb7+ Kf6
40.Qxb6+ Kg5 41.Rg2 Rd4 42.h4+ Kxh4 0-1